00359nam a2200109Ia 4500008004100000082000800041100002700049245005700076942000600133952009500139999001500234240331s9999 xx 000 0 und d bSRI aWickremaratne, D,. Ed 0aSri Lanka directory of women journalists and writers cL 001040708LaWERCLbWERCLcSSCd2024-03-31l0o 423 SRIp1937r2024-03-31w2024-03-31yL c3235d3235